Marketingová komunikácia zameraná na zmenu životného štýlu vysokoškolákov v rôznych štádiách pripravenosti na zmenu
Autorka vychádza z výsledkov kvalitatívneho výskumu realizovaného metódou focus groups. Porovnáva návrhy marketingovo-komunikačných kampaní troch skupín vysokoškolákov, ktorých v rámci skupiny spájal postoj k zmene svojho doterajšieho životného štýlu v štyroch oblastiach - fyzická aktivita, stravova...
Salvato in:
| Autore principale: | |
|---|---|
| Natura: | Capitolo di libro |
| Lingua: | slovacco |
| Soggetti: | |
| Tags: |
Nessun Tag, puoi essere il primo ad aggiungerne!!
|
MARC
| LEADER | 00000nla$a2200000$$$4500 | ||
|---|---|---|---|
| 001 | 0076404 | ||
| 005 | 20220801085350.7 | ||
| 041 | 0 | |a slo | |
| 044 | |a CZ | ||
| 245 | 1 | 0 | |a Marketingová komunikácia zameraná na zmenu životného štýlu vysokoškolákov v rôznych štádiách pripravenosti na zmenu |c Zuzana Netíková |
| 520 | |a Autorka vychádza z výsledkov kvalitatívneho výskumu realizovaného metódou focus groups. Porovnáva návrhy marketingovo-komunikačných kampaní troch skupín vysokoškolákov, ktorých v rámci skupiny spájal postoj k zmene svojho doterajšieho životného štýlu v štyroch oblastiach - fyzická aktivita, stravovacie návyky, konzumácia ovocia a zeleniny a pitný režim. Ukazuje odlišnosti vyplývajúce z ich pripravenosti, resp. nepripravenosti na zmenu správania a tiež dôležité faktory, ktoré môžu dopomôcť k zmene správania cieľovej skupiny prostredníctvom marketingovej komunikácie. | ||
| 610 | 2 | 0 | |a vysokoškoláci |
| 610 | 2 | 0 | |a správanie |
| 610 | 2 | 0 | |a štýl životný |
| 610 | 2 | 0 | |a kvalita života |
| 610 | 2 | 0 | |a návyk |
| 610 | 2 | 0 | |a komunikácia marketingová |
| 100 | 1 | |a Netíková, Zuzana | |